| 000 | 00434cam a2200181ua 4500 | ||
|---|---|---|---|
| 020 | _c1.50 | ||
| 041 |
_ahin _h |
||
| 082 |
_a891.54 _bROS/RA |
||
| 100 | _aRoshanlal, Sinhala . | ||
| 245 |
_aRamcharitamanas ki katha / _cRoshanlal Sinhala. _hTextual Documents |
||
| 250 |
_a2 / _b. |
||
| 260 |
_a : _bRajpal and Sanch , _c1960. |
||
| 300 | _a104 ; . | ||
| 365 | _a1.50 | ||
| 504 | _a | ||
| 942 | _cBK | ||
| 999 |
_c8089 _d8089 |
||